| 000 | 00410nam a22001697a 4500 | ||
|---|---|---|---|
| 003 | MACL | ||
| 005 | 20160115141227.0 | ||
| 008 | 160115b xxu||||| |||| 00| 0 eng d | ||
| 040 | _cMACL | ||
| 041 | _aEnglish | ||
| 082 | _a823/Rao | ||
| 100 |
_aHanumantharao.V _932583 |
||
| 245 | _aBeyond The Horizon | ||
| 260 |
_aNew Delhi _bAllied Publishers Pvt.Ltd _c2012 |
||
| 650 |
_aStory _932584 |
||
| 942 |
_2ddc _cBK |
||
| 999 |
_c52439 _d52439 |
||